Statistics for Wolves Players 2018/19

Click here to take the quiz!

General Stats

  • This quiz has been taken 25 times
  • The average score is 13 of 19

Answer Stats

NumberPlayer% Correct
18Diogo Jota
100%
8Ruben Neves
95%
28Joao Moutinho
90%
9Raul Jimenez
90%
16Conor Coady
85%
21John Ruddy
85%
2Matt Doherty
85%
11Rui Patricio
85%
15Willy Boly
85%
37Adama Traore
75%
10Helder Costa
70%
27Romain Sais
65%
29Ruben Vinagre
65%
17Morgan Gibbs-White
60%
7Ivan Cavaleiro
55%
19Jonny Otto
55%
5Ryan Bennett
55%
31Will Norris
10%
32Leander Dendocker
5%

Score Distribution

Percentile by Number Answered

Percent of People with Each Score

Your Score History

You have not taken this quiz